| 000 | 00352nam a2200145Ia 4500 | ||
|---|---|---|---|
| 008 | 220204s9999 xx 000 0 und d | ||
| 082 |
_a523.4 _bDEC |
||
| 100 | _aDecallanty, Vincent | ||
| 245 | 0 | _aAtlas of the planets | |
| 260 |
_aLondon _bHeinenmann _c1967 |
||
| 650 | _aAstronomy | ||
| 650 | _aPlanets | ||
| 700 | _aDollfus, Audorin | ||
| 942 | _cBK | ||
| 999 |
_c25496 _d25496 |
||